Logo BPK

Biblioteka

Politechniki Koszalińskiej

Kodeks cywilny : (Rekord nr 52348)

Szczegóły MARC
000 -ETYKIETA REKORDU
podpole kontrolne o stałej długości 01050nam a2200265 i 4500
001 - NUMER KONTROLNY REKORDU
pole kontrolne bg
020 ## - MIĘDZYNARODOWY ZNORMALIZOWANY NUMER KSIĄŻKI - ISBN
ISBN 8385575898
040 ## - ŹRÓDŁO KATALOGOWANIA
Instytucja, która utworzyła rekord BPK
041 0# - KOD JĘZYKA
Kod języka tekstu pol
080 ## - UNIWERSALNA KLASYFIKACJA DZIESIĘTNA - UKD
UKD 347+341.9](438)(094.4)
920 ## - Międzynarodowy znormalizowany numer książki – ISBN
ISBN 83-85575-89-8
008 - POLE O STAŁEJ DŁUGOŚCI - DANE KONTROLNE
podpole kontrolne o stałej długości s pl f |000 0 pol
100 1# - NAZWA OSOBOWA
Nazwa osobowa JAKUBEK, Marek
245 10 - TYTUŁ/ODPOWIEDZIALNOŚĆ
Tytuł Kodeks cywilny :
Ciąg dalszy tytułu kodeks rodzinny i opiekuńczy, prawo międzynarodowe prywatne, księgi wieczyste i hipoteka, ochrona praw konsumentów, własność i najem lokali, inne ustawy cywilne /
Pozostałe elementy strefy tytułu i oznaczenia odpowiedzialności oprac. Marek Jakubek.
250 ## - STREFA WYDANIA
Oznaczenie wydania Stan prawny na dzień 1 października 2000 r.
260 ## - STREFA ADRESU WYDAWNICZEGO
Miejsce wydania Lublin :
Nazwa wydawcy/dystrybutora Lubelskie Wydawnictwa Prawnicze,
Data publikacji, dystrybucji/powstania dokumentu 2000.
300 ## - STREFA OPISU FIZYCZNEGO
Objętość 395, [1] s. ;
Rozmiary 21 cm.
650 #9 - HASŁO PRZEDMIOTOWE W FORMIE NAZWY OGÓLNEJ LUB JEDNOSTKOWEJ
Nazwa ogólna lub geograficzna Rodzina
Określnik ogólny prawo
Określnik geograficzny Polska
Określnik chronologiczny stan na 2000 r.
650 #9 - HASŁO PRZEDMIOTOWE W FORMIE NAZWY OGÓLNEJ LUB JEDNOSTKOWEJ
Nazwa ogólna lub geograficzna Prawo prywatne międzynarodowe
Określnik chronologiczny stan na 2000 r.
650 #9 - HASŁO PRZEDMIOTOWE W FORMIE NAZWY OGÓLNEJ LUB JEDNOSTKOWEJ
Nazwa ogólna lub geograficzna Hipoteka
Określnik ogólny prawo
Określnik geograficzny Polska
Określnik chronologiczny stan na 2000 r.
650 #9 - HASŁO PRZEDMIOTOWE W FORMIE NAZWY OGÓLNEJ LUB JEDNOSTKOWEJ
Nazwa ogólna lub geograficzna Prawo cywilne
Określnik geograficzny Polska
Określnik chronologiczny stan na 2000 r.
650 #9 - HASŁO PRZEDMIOTOWE W FORMIE NAZWY OGÓLNEJ LUB JEDNOSTKOWEJ
Nazwa ogólna lub geograficzna Prawo lokalowe
Określnik geograficzny Polska
Określnik chronologiczny stan na 2000 r.
650 #9 - HASŁO PRZEDMIOTOWE W FORMIE NAZWY OGÓLNEJ LUB JEDNOSTKOWEJ
Nazwa ogólna lub geograficzna Własność
Określnik ogólny prawo
Określnik geograficzny Polska
Określnik chronologiczny stan na 2000 r.
856 ## - LOKALIZACJA I DOSTĘP DO ELEKTRONICZNYCH DOKUMENTÓW ZDALNYCH
Link (URL) http://koha.tu.koszalin.pl/cgi-bin/koha/opac-detail.pl?biblionumber=52348
Tekst linku Katalog online BPK
942 ## - DODATKOWE ELEMENTY (KOHA)
Typ dokumentu Książka
Egzemplarze
Wycofany Status egzemplarza Uszkodzony Dostępność Lokalizacja stała Lokalizacja bieżąca Miejsce przechowywania Sygnatura Kod kreskowy Ostatnio wypożyczono Typ dokumentu
      Dostępny Biblioteka Politechniki Koszalińskiej Biblioteka Politechniki Koszalińskiej Wypożyczalnia BG 80635 02333441 09.10.2018 Książka
© 2023 Biblioteka Politechniki Koszalińskiej :: KOHA